000 01048nam a2200361 a 4500
003 AR-BaBNM
005 20251128210239.0
008 082120s2002 ||||||||||||||000 | spa||
020 _a950-9413-03-8
040 _cAR-BaBNM
245 0 0 _aAmor tirano
_bantología del cancionero tradicional amoroso de Argentina
250 _a1ª ed.
260 _aBuenos Aires
_bEdiciones del Sol
_c1986
300 _a189 p.
_bil.
490 0 _aBiblioteca de cultura popular
_vv. 4
500 _aContiene referencias bibliográficas en p. 189
650 4 _aFOLKLORE
650 4 _aPOESIA
650 4 _aLITERATURA POPULAR
650 4 _aCOSTUMBRES Y TRADICIONES
650 4 _aLITERATURA FOLKLORICA
650 4 _aIDENTIDAD CULTURAL
650 4 _aTRADICION ORAL
651 4 _aArgentina
653 _aPOESIA AMOROSA
653 _aCANCIONEROS
653 _aLITERATURA GAUCHESCA
700 1 _aArnoldi, Henry
_ecompilador
700 1 _aHernández, Isabel
_ecompilador
800 1 _aColombres, Adolfo
_edirector
942 _cBK
998 _cMARTIN
999 _c14643
_d14643